000 00794nam a2200277Ia 4500
001 Z_1440
003 CHAP
008 220113s1993 xx 000 0 und d
010 _a164529
040 _cCHAP
090 _aTesis G 810
100 _aGarcía Murueta, María Elena
_9138629
245 _aProducción de anticuerpos contra gammaglobulina de conejo en ovinos /
_cpor María Elena García Murueta
260 _aChapingo, Méx. :
_bEl autor,
_c1993
300 _a40 h.
502 _aTesis (Ing. Agr. Esp. en Zootecnia) -- UACH. Departamento de Zootecnia
650 _aAntígenos y anticuerpos
_96080
650 _aGanado lanar
_945150
650 _aGlobulinas
_948305
901 _aTESIS G 810
902 _aM
910 _a1993
942 _c2
942 _c2
999 _c164529
_d164529